Monstruos y prodigios

Guardat en:
Dades bibliogràfiques
Autor principal: Paré, Ambroise (autor)
Format: Llibre
Idioma:espanyol
Publicat: Madrid Siruelo 1993
Edició:2a. ed
Matèries:
Etiquetes: Afegir etiqueta
Sense etiquetes, Sigues el primer a etiquetar aquest registre!

MARC

LEADER 00000nam a2200000 a 4500
001 UCY2879
003 CL-VaPUC
008 941125e19930000SP |||||||||||||||||spa|d
082 0 4 |a 301  |b PAR  |2 21 
100 |a Paré, Ambroise  |e autor  |9 331026 
245 1 0 |a Monstruos y prodigios 
250 |a 2a. ed 
300 |a 152 p 
942 |c BK 
945 |d 19941125 00:00:00  |a mfernand 
260 |a Madrid  |b Siruelo  |c 1993 
650 7 |a MONSTRUOS  |2 CL-VaPUC  |9 331027 
650 7 |a DEFORMIDADES  |2 CL-VaPUC  |9 331028 
583 |a last modification  |c 19941125 00:00:00  |k Rodrigo Vera 
999 |c 231162  |d 231160 
952 |0 0  |1 0  |2 ddc  |4 0  |6 301_000000000000000_PAR_1993  |7 0  |8 A  |9 234016  |a BIBART  |b BIBART  |d 2019-11-15  |i 3034453  |l 2  |o 301 PAR 1993  |p 3034453  |r 2025-03-13  |s 2022-08-29  |w 2019-11-15  |y BK  |k ART